[Event "Aeroflot Open 2012 A"]
[Site "Moscow"]
[Date "2012.02.14"]
[Round "8"]
[White "Pridorozhni, Aleksei"]
[Black "Bosiocic, Marin"]
[Result "1/2-1/2"]
[WhiteElo "2555"]
[BlackElo "2580"]
[PlyCount "76"]
[EventDate "2012.02.07"]
[EventType "swiss"]
[EventRounds "9"]
[EventCountry "RUS"]

1. e4 e5 2. Nf3 Nc6 3. Nc3 Nf6 4. d4 exd4 5. Nxd4 Bb4 6. Nxc6 bxc6 7. Bd3 d5 8.
exd5 O-O 9. O-O cxd5 10. Bg5 c6 11. Na4 h6 12. Bh4 Be6 13. c3 Be7 14. Re1 Nd7
15. Bxe7 Qxe7 16. f4 Qf6 17. f5 Bxf5 18. Rf1 g6 19. Bxf5 gxf5 20. Qc2 Qg6 21.
c4 f4 22. Rac1 Rae8 23. cxd5 cxd5 24. Nc3 d4 25. Nd5 d3 26. Qc3 Ne5 27. Rxf4 f5
28. Rcf1 Rf7 29. Kh1 Kh7 30. Rd4 Rg7 31. Nf4 Qg5 32. Rd5 Ng4 33. Rxd3 Qh4 34.
Nh3 Re2 35. Rg3 Qe7 36. Nf4 Qh4 37. Nh3 Qe7 38. Nf4 Qh4 1/2-1/2

[Event "Aeroflot Open 2012 A"]
[Site "Moscow"]
[Date "2012.02.14"]
[Round "8"]
[White "Cori, Jorge"]
[Black "Al-Modiahki, Mohamad"]
[Result "1/2-1/2"]
[WhiteElo "2489"]
[BlackElo "2567"]
[PlyCount "99"]
[EventDate "2012.02.07"]
[EventType "swiss"]
[EventRounds "9"]
[EventCountry "RUS"]

1. d4 Nf6 2. Nf3 g6 3. c4 Bg7 4. g3 O-O 5. Bg2 d6 6. Nc3 Nc6 7. O-O a6 8. b3
Rb8 9. Nd5 Nh5 10. Bb2 e6 11. Nf4 Nxf4 12. gxf4 b5 13. Rc1 bxc4 14. Rxc4 Nb4
15. Bc3 Nd5 16. Ba5 Rb5 17. Qd2 Bb7 18. a4 Rxa5 19. Qxa5 Nxf4 20. Re1 Bxf3 21.
Bxf3 d5 22. Rc2 Qg5+ 23. Kf1 Qh4 24. Qxc7 Qxh2 25. e3 Qh3+ 26. Kg1 Bh6 27. Bh1
Qg4+ 28. Kf1 Qh4 29. Bg2 Nxg2 30. Kxg2 Qe4+ 31. Kg1 Bf4 32. Qc6 Bb8 33. Rd2 a5
34. Qa6 Qf3 35. Qe2 Qh3 36. f4 Bd6 37. Rc2 Rb8 38. Rb1 h5 39. Qf2 h4 40. Rc6
Ba3 41. Rc3 Bb4 42. Rc2 Kg7 43. Rf1 Qf5 44. Qe2 Be7 45. Rc7 Bf6 46. Rc3 Be7 47.
Rc7 Kf8 48. Rc3 Bf6 49. Kh2 Kg7 50. Rg1 1/2-1/2

[Event "Aeroflot Open 2012 A"]
[Site "Moscow"]
[Date "2012.02.14"]
[Round "8"]
[White "Paikidze, Nazi"]
[Black "Savchenko, Boris"]
[Result "0-1"]
[WhiteElo "2411"]
[BlackElo "2609"]
[PlyCount "62"]
[EventDate "2012.02.07"]
[EventType "swiss"]
[EventRounds "9"]
[EventCountry "RUS"]

1. d4 Nf6 2. c4 e6 3. Nc3 Bb4 4. e3 c5 5. Bd3 cxd4 6. exd4 d5 7. cxd5 Nxd5 8.
Nge2 Nc6 9. O-O O-O 10. Qc2 h6 11. Rd1 Bd6 12. a3 Nce7 13. Be4 Bd7 14. Qd3 Bc6
15. Nxd5 Nxd5 16. Bxd5 Bxd5 17. Bf4 Qb6 18. Qg3 Rfd8 19. Rd2 Rd7 20. Qg4 Kh7
21. Nc3 Bf8 22. Re1 Rad8 23. Re3 Bc6 24. Be5 f6 25. Bxf6 gxf6 26. Qxe6 Bd5 27.
Qf5+ Kh8 28. Rde2 Bc4 29. Re1 Rxd4 30. Ne4 Bg7 31. h4 Bd3 0-1

[Event "Aeroflot Open 2012 A"]
[Site "Moscow"]
[Date "2012.02.15"]
[Round "9"]
[White "Korobov, Anton"]
[Black "Bartel, Mateusz"]
[Result "1/2-1/2"]
[WhiteElo "2660"]
[BlackElo "2658"]
[PlyCount "83"]
[EventDate "2012.02.07"]
[EventType "swiss"]
[EventRounds "9"]
[EventCountry "RUS"]

1. d4 Nf6 2. c4 e6 3. Nf3 Bb4+ 4. Nbd2 O-O 5. a3 Be7 6. e3 b6 7. Bd3 Bb7 8. b4
c5 9. Rb1 Qc7 10. Qb3 cxb4 11. axb4 Nc6 12. Ba3 a5 13. b5 Nb4 14. O-O Rfc8 15.
Rbc1 Nxd3 16. Qxd3 Bxa3 17. Qxa3 d6 18. Rfe1 h6 19. e4 e5 20. d5 Rf8 21. c5
dxc5 22. Nc4 Nd7 23. d6 Qd8 24. Qc3 Re8 25. Rcd1 Qf6 26. g3 Qe6 27. Nh4 g6 28.
f3 a4 29. Ng2 f5 30. exf5 Qxf5 31. Nh4 Qf6 32. f4 exf4 33. Qxf6 Rxe1+ 34. Rxe1
Nxf6 35. Nxb6 Rd8 36. Nxa4 Ne4 37. Nxg6 fxg3 38. Ne7+ Kf7 39. Nc6 gxh2+ 40.
Kxh2 Bxc6 41. bxc6 Nxd6 42. Nxc5 1/2-1/2

[Event "Aeroflot Open 2012 A"]
[Site "Moscow"]
[Date "2012.02.15"]
[Round "9"]
[White "Andreikin, Dmitry"]
[Black "Eljanov, Pavel"]
[Result "1/2-1/2"]
[WhiteElo "2688"]
[BlackElo "2690"]
[PlyCount "92"]
[EventDate "2012.02.07"]
[EventType "swiss"]
[EventRounds "9"]
[EventCountry "RUS"]

1. c4 c6 2. e4 d5 3. exd5 cxd5 4. cxd5 Nf6 5. Nc3 Nxd5 6. Nf3 Nc6 7. Bb5 g6 8.
Qa4 Nb6 9. Bxc6+ bxc6 10. Qxc6+ Bd7 11. Qe4 Bg7 12. d4 Rc8 13. O-O Bc6 14. Qe2
Bxf3 15. Qxf3 Qxd4 16. Be3 Qb4 17. Qb7 O-O 18. Qxa7 Qxb2 19. Qxb6 Bxc3 20. Qxb2
Bxb2 21. Rad1 Ba3 22. g3 Ra8 23. Rd2 Ra4 24. Rb1 Bd6 25. Kg2 Rfa8 26. Rbb2 f6
27. Rbc2 g5 28. h3 Kf7 29. Re2 R8a6 30. Red2 R4a5 31. Re2 Kg6 32. g4 h5 33. f3
h4 34. Bf2 Ra3 35. Be1 R3a4 36. Bf2 Kf7 37. Be1 Ra3 38. Bf2 R6a5 39. Be1 Rd5
40. Red2 e6 41. Bf2 Bf4 42. Rd4 Kg6 43. Re4 Be5 44. Re3 Ra6 45. Re4 Rd1 46. Re1
Rd3 1/2-1/2

[Event "Aeroflot Open 2012 A"]
[Site "Moscow"]
[Date "2012.02.15"]
[Round "9"]
[White "Melkumyan, Hrant"]
[Black "Khalifman, Alexander"]
[Result "1/2-1/2"]
[WhiteElo "2620"]
[BlackElo "2632"]
[PlyCount "60"]
[EventDate "2012.02.07"]
[EventType "swiss"]
[EventRounds "9"]
[EventCountry "RUS"]

1. d4 Nf6 2. Nf3 g6 3. c4 Bg7 4. Nc3 d5 5. cxd5 Nxd5 6. e4 Nxc3 7. bxc3 c5 8.
Be3 Qa5 9. Nd2 Bd7 10. Rb1 Ba4 11. Qxa4+ Qxa4 12. Bb5+ Qxb5 13. Rxb5 b6 14.
dxc5 Bxc3 15. Ke2 Bxd2 16. Kxd2 Nd7 17. c6 Nf8 18. Rc1 O-O-O+ 19. Ke1 Ne6 20.
a4 Nd4 21. Rd5 Rxd5 22. exd5 Nf5 23. a5 Nxe3 24. fxe3 Rd8 25. axb6 axb6 26. e4
f5 27. Rc4 fxe4 28. Rxe4 Rxd5 29. Rxe7 h5 30. Rb7 b5 1/2-1/2

[Event "Aeroflot Open 2012 A"]
[Site "Moscow"]
[Date "2012.02.15"]
[Round "9"]
[White "Jobava, Baadur"]
[Black "Caruana, Fabiano"]
[Result "1/2-1/2"]
[WhiteElo "2704"]
[BlackElo "2736"]
[PlyCount "74"]
[EventDate "2012.02.07"]
[EventType "swiss"]
[EventRounds "9"]
[EventCountry "RUS"]

1. d4 Nf6 2. c4 g6 3. f3 d5 4. cxd5 Nxd5 5. e4 Nb6 6. Nc3 Bg7 7. Be3 O-O 8. Qd2
Qd6 9. f4 Rd8 10. Nf3 Qb4 11. Qc2 Nc4 12. Bf2 c5 13. O-O-O cxd4 14. Nxd4 Bg4
15. Be2 Bxe2 16. Ndxe2 Nc6 17. a3 Qa5 18. e5 Rac8 19. Kb1 b5 20. Nc1 Qa6 21.
Nb3 b4 22. Nc5 Qxa3 23. Nb5 b3 24. Nxa3 Nxa3+ 25. bxa3 bxc2+ 26. Kxc2 g5 27. g3
Bh6 28. Rxd8+ Nxd8 29. fxg5 Bxg5 30. Kd3 e6 31. Ne4 Be7 32. Nd6 Rc7 33. g4 f6
34. Bh4 Rd7 35. Ke2 Nc6 36. Ne4 fxe5 37. Bxe7 Rxe7 1/2-1/2

[Event "Aeroflot Open 2012 A"]
[Site "Moscow"]
[Date "2012.02.15"]
[Round "9"]
[White "Safarli, Eltaj"]
[Black "Tomashevsky, Evgeny"]
[Result "1/2-1/2"]
[WhiteElo "2638"]
[BlackElo "2740"]
[PlyCount "49"]
[EventDate "2012.02.07"]
[EventType "swiss"]
[EventRounds "9"]
[EventCountry "RUS"]

1. e4 e5 2. Nf3 Nc6 3. Bb5 a6 4. Ba4 Nf6 5. O-O Be7 6. Re1 b5 7. Bb3 O-O 8. c3
d5 9. exd5 Nxd5 10. Nxe5 Nxe5 11. Rxe5 c6 12. d4 Bd6 13. Re1 Qh4 14. g3 Qh3 15.
Qf3 Bg4 16. Qg2 Qh5 17. Be3 Rae8 18. Nd2 Re6 19. a4 Rfe8 20. axb5 axb5 21. Ra7
h6 22. Rb7 Bh3 23. Qf3 Bg4 24. Qg2 Bh3 25. Qf3 1/2-1/2

[Event "Aeroflot Open 2012 A"]
[Site "Moscow"]
[Date "2012.02.15"]
[Round "9"]
[White "Zvjaginsev, Vadim"]
[Black "Rodshtein, Maxim"]
[Result "0-1"]
[WhiteElo "2688"]
[BlackElo "2634"]
[PlyCount "50"]
[EventDate "2012.02.07"]
[EventType "swiss"]
[EventRounds "9"]
[EventCountry "RUS"]

1. e4 e6 2. Nf3 d5 3. e5 c5 4. b4 cxb4 5. a3 Nc6 6. axb4 Bxb4 7. c3 Be7 8. d4
Bd7 9. Bd3 Rc8 10. O-O a6 11. Nbd2 Na5 12. Qc2 Qc7 13. Bxh7 Qxc3 14. Qb1 Qb4
15. Bb2 Nh6 16. Bc2 O-O 17. Rc1 Rc6 18. Bh7+ Kh8 19. Rxc6 Nxc6 20. Bd3 Rc8 21.
Qa2 Na7 22. Nb1 Bb5 23. Ba3 Qa4 24. Qe2 Bxa3 25. h3 Rc1+ 0-1

[Event "Aeroflot Open 2012 A"]
[Site "Moscow"]
[Date "2012.02.15"]
[Round "9"]
[White "Alekseev, Evgeny"]
[Black "Shomoev, Anton"]
[Result "1/2-1/2"]
[WhiteElo "2670"]
[BlackElo "2570"]
[PlyCount "37"]
[EventDate "2012.02.07"]
[EventType "swiss"]
[EventRounds "9"]
[EventCountry "RUS"]

1. Nf3 Nf6 2. g3 d5 3. Bg2 g6 4. O-O Bg7 5. c4 c6 6. b3 Ne4 7. d4 Be6 8. Na3
Nd7 9. Bb2 Qa5 10. e3 O-O 11. Qe1 Qxe1 12. Rfxe1 Rab8 13. Rac1 a6 14. Re2 Rfd8
15. Ne1 Nd6 16. Rd2 g5 17. Nd3 Ne4 18. Rdd1 Bf5 19. f3 1/2-1/2

[Event "Aeroflot Open 2012 A"]
[Site "Moscow"]
[Date "2012.02.15"]
[Round "9"]
[White "Popov, Ivan"]
[Black "Bu, Xiangzhi"]
[Result "1/2-1/2"]
[WhiteElo "2599"]
[BlackElo "2670"]
[PlyCount "29"]
[EventDate "2012.02.07"]
[EventType "swiss"]
[EventRounds "9"]
[EventCountry "RUS"]

1. e4 e5 2. Nf3 Nf6 3. d4 exd4 4. e5 Ne4 5. Qxd4 d5 6. exd6 Nxd6 7. Nc3 Nc6 8.
Qf4 Nf5 9. Bb5 Bd6 10. Qe4+ Qe7 11. Bg5 f6 12. Bd2 Bd7 13. O-O-O Qxe4 14. Nxe4
Be7 15. Rhe1 1/2-1/2

[Event "Aeroflot Open 2012 A"]
[Site "Moscow"]
[Date "2012.02.15"]
[Round "9"]
[White "Zhou, Jianchao"]
[Black "Ragger, Markus"]
[Result "1/2-1/2"]
[WhiteElo "2619"]
[BlackElo "2655"]
[PlyCount "53"]
[EventDate "2012.02.07"]
[EventType "swiss"]
[EventRounds "9"]
[EventCountry "RUS"]

1. Nf3 d5 2. d4 Nf6 3. c4 c6 4. Nc3 dxc4 5. a4 e6 6. e3 c5 7. Bxc4 Nc6 8. O-O
cxd4 9. Nxd4 Bd7 10. Qe2 Qb8 11. Rd1 Bd6 12. Nf3 a6 13. h3 O-O 14. e4 Ne5 15.
Bg5 Bc6 16. Nd4 Nxc4 17. Nxc6 bxc6 18. Qxc4 Be5 19. Rab1 a5 20. Ne2 h6 21. Be3
Qb4 22. Qxb4 axb4 23. f4 Bb8 24. e5 Nd5 25. Bc5 Ba7 26. Bxa7 Rxa7 27. b3
1/2-1/2

[Event "Aeroflot Open 2012 A"]
[Site "Moscow"]
[Date "2012.02.15"]
[Round "9"]
[White "Fedoseev, Vladimir"]
[Black "Iordachescu, Viorel"]
[Result "1/2-1/2"]
[WhiteElo "2525"]
[BlackElo "2651"]
[PlyCount "133"]
[EventDate "2012.02.07"]
[EventType "swiss"]
[EventRounds "9"]
[EventCountry "RUS"]

1. d4 Nf6 2. c4 e6 3. Nf3 b6 4. g3 Ba6 5. Qc2 Bb4+ 6. Bd2 Bxd2+ 7. Nbxd2 c5 8.
Bg2 Nc6 9. dxc5 bxc5 10. O-O O-O 11. Rfd1 Rb8 12. b3 Bb7 13. Nb1 Nb4 14. Qc1
Ne4 15. Nc3 Nxc3 16. Qxc3 Qc7 17. Rd2 Rfd8 18. Rad1 d5 19. cxd5 Rxd5 20. a3
Rxd2 21. Rxd2 Nd5 22. Qe5 Rc8 23. e4 Qxe5 24. Nxe5 Nb6 25. a4 f6 26. Nd7 c4 27.
Nxb6 c3 28. Rc2 axb6 29. f3 f5 30. Kf2 fxe4 31. fxe4 Kf7 32. Ke3 Ba6 33. e5 b5
34. axb5 Bxb5 35. Be4 h5 36. h4 Rc7 37. Kd4 Rd7+ 38. Kxc3 Rd1 39. Kb4 Rd4+ 40.
Kxb5 Rxe4 41. b4 Ke8 42. Rc7 g5 43. hxg5 Rxe5+ 44. Kc6 Rxg5 45. b5 Rxg3 46. b6
Rc3+ 47. Kb7 Rb3 48. Rh7 Kd8 49. Ka7 Ra3+ 50. Kb8 h4 51. Rxh4 Rb3 52. b7 Kd7
53. Rh7+ Kd6 54. Kc8 Rc3+ 55. Kd8 Rb3 56. Rd7+ Kc5 57. Kc7 e5 58. Re7 Kd4 59.
Rd7+ Kc4 60. Re7 Kd4 61. Re6 Rxb7+ 62. Kxb7 e4 63. Rd6+ Kc3 64. Re6 Kd3 65.
Rd6+ Kc3 66. Re6 Kd3 67. Rd6+ 1/2-1/2

[Event "Aeroflot Open 2012 A"]
[Site "Moscow"]
[Date "2012.02.15"]
[Round "9"]
[White "Sokolov, Ivan"]
[Black "Grigoryan, Karen H"]
[Result "1/2-1/2"]
[WhiteElo "2641"]
[BlackElo "2482"]
[PlyCount "175"]
[EventDate "2012.02.07"]
[EventType "swiss"]
[EventRounds "9"]
[EventCountry "RUS"]

1. d4 Nf6 2. c4 g6 3. Nc3 Bg7 4. Bg5 h6 5. Bh4 d6 6. e3 O-O 7. Be2 a6 8. Nf3 c6
9. Nd2 b5 10. O-O Be6 11. b3 Nbd7 12. Rc1 Qb6 13. Bf3 d5 14. h3 bxc4 15. bxc4
dxc4 16. Na4 Qb4 17. Qc2 Rac8 18. Rb1 Qa5 19. Nxc4 Bxc4 20. Qxc4 e5 21. Rfc1
exd4 22. exd4 Nd5 23. Rb7 N7f6 24. Bg3 Nh7 25. Nc5 Ng5 26. Be2 Rfe8 27. Bd3
Re1+ 28. Rxe1 Qxe1+ 29. Kh2 Rd8 30. Nd7 Ne4 31. Bxe4 Qxe4 32. Qxc6 Qxd4 33.
Qxa6 h5 34. Qa5 Re8 35. Rb8 Rxb8 36. Nxb8 Nb4 37. a3 h4 38. Qxb4 hxg3+ 39. fxg3
Qd5 40. Qa4 Bd4 41. Qd1 Qc5 42. Nc6 Bf2 43. Qd8+ Kg7 44. Qd2 Bg1+ 45. Kh1 Be3
46. Qb2+ Kg8 47. Nb4 Qd6 48. Qb3 Qd2 49. Nd3 Ba7 50. Kh2 Qe3 51. Qb1 Qd4 52.
Qd1 Bb6 53. Qb1 Bc7 54. Nf4 Bd6 55. Qb3 Bc5 56. Qb8+ Kh7 57. Qb1 Bxa3 58. Qa2
Qa7 59. h4 Qe7 60. h5 Bd6 61. hxg6+ fxg6 62. Qb3 Qf8 63. Qc4 Qe7 64. Kh3 Qf8
65. Kh2 Qe7 66. Ne6 Be5 67. Kh3 Bf6 68. Qd5 Kh8 69. Nf4 Kg7 70. Ne6+ Kf7 71.
Nf4+ Kg7 72. Qd3 Qe8 73. Qc4 Qd7+ 74. g4 Qe7 75. Qd3 Qe8 76. g3 Qh8+ 77. Kg2
Qa8+ 78. Nd5 Qa2+ 79. Kh3 Qa1 80. Qf3 Be5 81. g5 Qa6 82. Nf4 Qc8+ 83. Kg2 Qc2+
84. Ne2 Qd2 85. Qg4 Qd5+ 86. Kh2 Qd2 87. Kh3 Qd5 88. Kh2 1/2-1/2

[Event "Aeroflot Open 2012 A"]
[Site "Moscow"]
[Date "2012.02.15"]
[Round "9"]
[White "Sjugirov, Sanan"]
[Black "Sasikiran, Krishnan"]
[Result "0-1"]
[WhiteElo "2622"]
[BlackElo "2700"]
[PlyCount "114"]
[EventDate "2012.02.07"]
[EventType "swiss"]
[EventRounds "9"]
[EventCountry "RUS"]

1. e4 e5 2. Nf3 Nc6 3. d4 exd4 4. Nxd4 Nf6 5. Nxc6 bxc6 6. e5 Qe7 7. Qe2 Nd5 8.
c4 Nb6 9. Nc3 Bb7 10. Bd2 O-O-O 11. O-O-O Kb8 12. h4 Re8 13. Rh3 Ba6 14. Qg4
Bc8 15. Rg3 Qc5 16. Ne4 Qxe5 17. Ng5 f5 18. Qf3 Rg8 19. Bc3 Qc5 20. b4 Qe7 21.
Qxf5 g6 22. Qf4 Bh6 23. Re3 Qf8 24. Qxf8 Rexf8 25. f3 Rf4 26. Rd4 Rxh4 27. Rxh4
Bxg5 28. Rhe4 Bxe3+ 29. Rxe3 Ba6 30. Re7 Bxc4 31. Bxc4 Nxc4 32. Rxd7 h5 33. Re7
Nb6 34. Bd2 Kc8 35. a3 Nd5 36. Rf7 Re8 37. Rg7 Re6 38. Kc2 Kb7 39. g4 hxg4 40.
fxg4 Kb6 41. Kb3 a6 42. Rg8 c5 43. g5 Kc6 44. Bc1 Nb6 45. bxc5 Kxc5 46. Bb2 Nd5
47. Bh8 Rb6+ 48. Kc2 Re6 49. Kb3 c6 50. Bb2 Nf4 51. Bc1 Nd5 52. Bb2 a5 53. Bh8
a4+ 54. Kxa4 Re3 55. Rb8 Rh3 56. Bb2 Nb6+ 57. Ka5 Rb3 0-1

[Event "Aeroflot Open 2012 A"]
[Site "Moscow"]
[Date "2012.02.15"]
[Round "9"]
[White "Akopian, Vladimir"]
[Black "Gajewski, Grzegorz"]
[Result "1-0"]
[WhiteElo "2685"]
[BlackElo "2616"]
[PlyCount "87"]
[EventDate "2012.02.07"]
[EventType "swiss"]
[EventRounds "9"]
[EventCountry "RUS"]

1. e4 c5 2. Nf3 e6 3. d4 cxd4 4. Nxd4 a6 5. Bd3 Nf6 6. O-O Qc7 7. Qe2 Bc5 8.
Nb3 Be7 9. c4 d6 10. Nc3 Nbd7 11. f4 b6 12. Bd2 Bb7 13. Rae1 O-O 14. e5 dxe5
15. fxe5 Ne8 16. Bf4 g6 17. Be4 Ng7 18. Bxb7 Qxb7 19. Ne4 Rac8 20. Bg5 Bxg5 21.
Nxg5 b5 22. c5 Qc7 23. Ne4 Ne8 24. Nd6 Nxd6 25. exd6 Qa7 26. Qf2 a5 27. Rc1 Qa8
28. Rc2 a4 29. Nd2 Qd5 30. b4 Ne5 31. Qe3 f5 32. Nf3 Nc4 33. Rxc4 bxc4 34. Qd4
Qxd4+ 35. Nxd4 Kf7 36. d7 Rc7 37. c6 e5 38. Nxf5 Rd8 39. Ne3+ Ke6 40. b5 Kd6
41. Nxc4+ Kc5 42. Nxe5 Kxb5 43. a3 Kc5 44. Rd1 1-0

[Event "Aeroflot Open 2012 A"]
[Site "Moscow"]
[Date "2012.02.15"]
[Round "9"]
[White "Rakhmanov, Aleksandr"]
[Black "Khismatullin, Denis"]
[Result "1/2-1/2"]
[WhiteElo "2593"]
[BlackElo "2664"]
[PlyCount "193"]
[EventDate "2012.02.07"]
[EventType "swiss"]
[EventRounds "9"]
[EventCountry "RUS"]

1. d4 Nf6 2. c4 e6 3. Nc3 Bb4 4. e3 b6 5. Bd3 Bb7 6. Nf3 O-O 7. O-O c5 8. Na4
cxd4 9. exd4 Re8 10. Bg5 Bf8 11. Nc3 d6 12. Re1 Nbd7 13. a4 h6 14. Bh4 g5 15.
Bg3 Nh5 16. d5 exd5 17. Rxe8 Qxe8 18. Nxd5 Bxd5 19. cxd5 Nxg3 20. hxg3 Nc5 21.
Bb5 Qe4 22. Bc6 Rd8 23. Nd2 Qd4 24. Qc2 Bg7 25. Nc4 Qd3 26. Rc1 Qxc2 27. Rxc2
Nd3 28. Re2 Bf6 29. g4 Kf8 30. g3 Nb4 31. Bb7 Bd4 32. Kf1 Bc5 33. a5 bxa5 34.
Nxa5 Rd7 35. Bc6 Rc7 36. Re8+ Kg7 37. Re4 Kg6 38. Ke2 h5 39. gxh5+ Kxh5 40. g4+
Kg6 41. Kf3 Kf6 42. b3 Nd3 43. Ra4 Re7 44. Ra2 Ne1+ 45. Kg3 Re4 46. Nc4 Rf4 47.
Re2 Rf3+ 48. Kh2 Nd3 49. Nd2 Rxf2+ 50. Rxf2+ Nxf2 51. Kg3 Nd3 52. Ne4+ Kg6 53.
Bd7 Nb4 54. Bf5+ Kg7 55. Nxg5 Nxd5 56. Ne4 Bd4 57. Kf3 Be5 58. Bc8 Nb4 59. Bb7
Kg6 60. Bc8 Nc6 61. Nd2 Bc3 62. Ne4 Bb4 63. Ke3 d5 64. Bb7 Ne5 65. Bxd5 Nxg4+
66. Kf3 f5 67. Nf2 Ne5+ 68. Ke2 Nd7 69. Nd3 Bd6 70. Bc6 Nf8 71. Ne1 Kg5 72.
Nf3+ Kf4 73. Nd4 Bc5 74. Nf3 Ng6 75. Be8 Ne7 76. Bf7 Nc8 77. Bd5 Nd6 78. Kd3
Ne4 79. Nd2 Ng5 80. Ba8 Bb4 81. Nf1 Ne4 82. Bd5 a5 83. Bc6 Nf2+ 84. Ke2 Ng4 85.
Bb7 Nf6 86. Nh2 Kg3 87. Nf1+ Kf4 88. Nh2 Bc5 89. Nf3 Kg3 90. Kd3 Kf2 91. Kc4
Bb4 92. Nd4 f4 93. Kd3 Nd7 94. Bh1 Nc5+ 95. Kc4 Nd7 96. Nc6 Bd2 97. Kb5 1/2-1/2

[Event "Aeroflot Open 2012 A"]
[Site "Moscow"]
[Date "2012.02.15"]
[Round "9"]
[White "Zhigalko, Sergei"]
[Black "Zherebukh, Yaroslav"]
[Result "0-1"]
[WhiteElo "2658"]
[BlackElo "2594"]
[PlyCount "56"]
[EventDate "2012.02.07"]
[EventType "swiss"]
[EventRounds "9"]
[EventCountry "RUS"]

1. e4 e6 2. d4 d5 3. e5 c5 4. c3 Nc6 5. Nf3 Bd7 6. Be2 Rc8 7. O-O a6 8. Na3
cxd4 9. cxd4 Bxa3 10. bxa3 Na5 11. Rb1 Bc6 12. Bd3 h6 13. Nd2 Ne7 14. Qg4 Kf8
15. Nb3 Nc4 16. Nc5 Rc7 17. Rb3 Qc8 18. Bb1 b6 19. Rg3 g6 20. Nd3 Bb5 21. Qh4
Ke8 22. Qf6 Rh7 23. a4 Bxa4 24. Nf4 Kd7 25. Nh5 Kc6 26. Qh4 Kb7 27. Nf6 Rh8 28.
Bxh6 Nd2 0-1

[Event "Aeroflot Open 2012 A"]
[Site "Moscow"]
[Date "2012.02.15"]
[Round "9"]
[White "Gupta, Abhijeet"]
[Black "Zhigalko, Andrey"]
[Result "1/2-1/2"]
[WhiteElo "2652"]
[BlackElo "2576"]
[PlyCount "106"]
[EventDate "2012.02.07"]
[EventType "swiss"]
[EventRounds "9"]
[EventCountry "RUS"]

1. d4 d5 2. c4 dxc4 3. Nf3 Nf6 4. e3 e6 5. Bxc4 c5 6. O-O a6 7. dxc5 Bxc5 8.
Qxd8+ Kxd8 9. Be2 Ke7 10. Nbd2 Bd7 11. b3 Bb5 12. Nc4 Nc6 13. Bb2 Rhd8 14. Rfc1
Rac8 15. a4 Bxc4 16. Rxc4 Na5 17. Rc2 Bd6 18. Rxc8 Rxc8 19. Bd1 g6 20. Ne1 Nd5
21. Nd3 h5 22. g3 Rc7 23. Rc1 Rxc1 24. Bxc1 Nc6 25. Kg2 Ncb4 26. Nxb4 Bxb4 27.
Bc2 Kd6 28. f3 Bc3 29. Kf2 b5 30. axb5 axb5 31. Ke2 Kc5 32. e4 Nb4 33. Bd1 f5
34. exf5 exf5 35. Bh6 Kd5 36. Kf2 Nd3+ 37. Ke3 Nc5 38. Kf2 Nd3+ 39. Kg2 Bf6 40.
Be3 Bd4 41. Bd2 Bf6 42. Kf1 h4 43. Ke2 hxg3 44. hxg3 Ne5 45. Ke3 Nc6 46. f4 g5
47. Kd3 gxf4 48. gxf4 Kc5 49. Bh5 Nb4+ 50. Ke2 Nd5 51. Bg6 Bc3 52. Bc1 Bb2 53.
Bd2 Bc3 1/2-1/2

[Event "Aeroflot Open 2012 A"]
[Site "Moscow"]
[Date "2012.02.15"]
[Round "9"]
[White "Iturrizaga, Eduardo"]
[Black "Tukhaev, Adam"]
[Result "0-1"]
[WhiteElo "2649"]
[BlackElo "2537"]
[PlyCount "80"]
[EventDate "2012.02.07"]
[EventType "swiss"]
[EventRounds "9"]
[EventCountry "RUS"]

1. Nf3 Nf6 2. c4 e6 3. g3 d5 4. Bg2 d4 5. b4 c5 6. Bb2 a5 7. bxc5 Bxc5 8. Na3
Nc6 9. Nb5 O-O 10. e3 e5 11. exd4 exd4 12. O-O Bf5 13. Re1 d3 14. Ne5 Nb4 15.
Qf3 Qc8 16. Bd4 Be6 17. Qxb7 Rb8 18. Qxc8 Rfxc8 19. Nc6 Rxc6 20. Bxc6 Rxb5 21.
Bxb5 Bxd4 22. Rac1 Kf8 23. a3 Nc2 24. Rxe6 fxe6 25. c5 Nxa3 26. Bxd3 Nd5 27. c6
Nc7 28. Bxh7 Ke7 29. h4 Kd6 30. Be4 a4 31. g4 Bb2 32. Re1 Nc4 33. g5 Nxd2 34.
Rd1 Bc3 35. h5 Ke5 36. h6 gxh6 37. gxh6 Kxe4 38. h7 Nf3+ 39. Kg2 a3 40. Rc1 a2
0-1

[Event "Aeroflot Open 2012 A"]
[Site "Moscow"]
[Date "2012.02.15"]
[Round "9"]
[White "Socko, Bartosz"]
[Black "Ni, Hua"]
[Result "1/2-1/2"]
[WhiteElo "2636"]
[BlackElo "2641"]
[PlyCount "119"]
[EventDate "2012.02.07"]
[EventType "swiss"]
[EventRounds "9"]
[EventCountry "RUS"]

1. c4 e5 2. g3 c6 3. d4 Bb4+ 4. Bd2 Bxd2+ 5. Qxd2 d6 6. Nc3 Nf6 7. Bg2 O-O 8.
d5 cxd5 9. Nxd5 Nc6 10. Nf3 Nxd5 11. cxd5 Ne7 12. O-O Bf5 13. Rfc1 Qb6 14. Rc3
Rac8 15. Rb3 Qc7 16. Ne1 b6 17. e4 Bd7 18. Nd3 f5 19. Nxe5 dxe5 20. d6 Qd8 21.
dxe7 Qxe7 22. exf5 Bxf5 23. Rc3 Rxc3 24. Qxc3 Rc8 25. Qb3+ Kh8 26. Re1 h6 27.
h4 Bg6 28. Qd5 Bf7 29. Rxe5 Bxd5 30. Rxe7 Rc1+ 31. Kh2 Bxg2 32. Kxg2 Rc2 33.
Rxa7 Rxb2 34. g4 b5 35. Kg3 b4 36. g5 hxg5 37. hxg5 g6 38. f4 b3 39. axb3 Rxb3+
40. Kg4 Kg8 41. Ra2 Kf7 42. Rf2 Ke6 43. Rf3 Rxf3 44. Kxf3 Kf7 45. Kg2 Kg8 46.
Kf2 Kf8 47. Ke2 Ke8 48. Kd2 Kd8 49. Kc3 Ke7 50. Kc4 Ke6 51. Kd3 Kd7 52. Kd2 Kd6
53. Ke2 Ke6 54. Kf2 Kd6 55. Kg2 Ke6 56. Kg3 Ke7 57. Kg2 Ke6 58. Kf2 Kd6 59. Kf3
Kd7 60. Ke4 1/2-1/2

[Event "Aeroflot Open 2012 A"]
[Site "Moscow"]
[Date "2012.02.15"]
[Round "9"]
[White "Bocharov, Dmitry"]
[Black "Nepomniachtchi, Ian"]
[Result "1/2-1/2"]
[WhiteElo "2611"]
[BlackElo "2735"]
[PlyCount "24"]
[EventDate "2012.02.07"]
[EventType "swiss"]
[EventRounds "9"]
[EventCountry "RUS"]

1. c4 c5 2. Nf3 Nc6 3. Nc3 g6 4. e3 Nf6 5. d4 cxd4 6. exd4 d5 7. cxd5 Nxd5 8.
Qb3 e6 9. Bg5 Be7 10. Bh6 Bf8 11. Bg5 Be7 12. Bh6 Bf8 1/2-1/2

[Event "Aeroflot Open 2012 A"]
[Site "Moscow"]
[Date "2012.02.15"]
[Round "9"]
[White "Esen, Baris"]
[Black "Vallejo Pons, Francisco"]
[Result "1-0"]
[WhiteElo "2534"]
[BlackElo "2705"]
[PlyCount "93"]
[EventDate "2012.02.07"]
[EventType "swiss"]
[EventRounds "9"]
[EventCountry "RUS"]

1. d4 Nf6 2. c4 e6 3. Nf3 c5 4. d5 b5 5. Bg5 exd5 6. cxd5 h6 7. Bxf6 Qxf6 8.
Qc2 Be7 9. Nc3 Qb6 10. e3 b4 11. Ne4 O-O 12. g4 a5 13. Bc4 d6 14. Rg1 f5 15.
Ned2 fxg4 16. Ne5 Bf6 17. Nxg4 Bxg4 18. Rxg4 Nd7 19. f4 Rae8 20. Kf2 h5 21. Rg2
Bh4+ 22. Kf3 Ne5+ 23. Ke2 Ng4 24. Rxg4 hxg4 25. Qg6 Qd8 26. Ne4 Rf6 27. Nxf6+
Bxf6 28. Kd3 Bxb2 29. Rb1 Qe7 30. e4 Bd4 31. Re1 Rf8 32. Qxg4 Qf6 33. e5 Qxf4
34. Qxf4 Rxf4 35. exd6 Bf6 36. Re4 Rxe4 37. Kxe4 a4 38. d7 b3 39. d6+ Kh7 40.
axb3 axb3 41. Bxb3 Kg6 42. Kf4 Kh5 43. Kf5 Kh4 44. Bd1 c4 45. Kg6 c3 46. Kf7
Kh3 47. Ke8 1-0

[Event "Aeroflot Open 2012 A"]
[Site "Moscow"]
[Date "2012.02.15"]
[Round "9"]
[White "Yilmaz, Mustafa"]
[Black "Kobalia, Mikhail"]
[Result "0-1"]
[WhiteElo "2521"]
[BlackElo "2673"]
[PlyCount "120"]
[EventDate "2012.02.07"]
[EventType "swiss"]
[EventRounds "9"]
[EventCountry "RUS"]

1. d4 d5 2. c4 c6 3. cxd5 cxd5 4. Bf4 Nc6 5. e3 Nf6 6. Nc3 a6 7. Bd3 Bg4 8.
Nge2 e6 9. O-O Bd6 10. f3 Bh5 11. Qd2 Bg6 12. Bxd6 Qxd6 13. Nf4 O-O 14. Rfc1
Rfe8 15. Bxg6 hxg6 16. Nd3 e5 17. dxe5 Nxe5 18. Nxe5 Rxe5 19. Re1 Rae8 20. Qd4
g5 21. h3 b5 22. Rac1 Qe6 23. Nd1 Nh5 24. Qg4 Nf4 25. Qxe6 R5xe6 26. Rc2 d4 27.
e4 Rd6 28. Kf1 Nd3 29. Ree2 Nb4 30. Rc5 Nxa2 31. Rd2 Nb4 32. Ne3 Rc6 33. Rxc6
dxe3 34. Rdc2 Nxc6 35. Rxc6 Rd8 36. g4 a5 37. b3 Rd3 38. Rc8+ Kh7 39. Ra8 Rxb3
40. Rxa5 Rb2 41. Ra3 Rf2+ 42. Ke1 Rxf3 43. Rb3 Rxh3 44. Rxb5 Kg6 45. Rb6+ f6
46. e5 Rf3 47. Rb4 Kf7 48. Ke2 Rf4 49. Rb7+ Ke6 50. Rxg7 Kxe5 51. Re7+ Kd6 52.
Rxe3 Rxg4 53. Kf3 Rf4+ 54. Kg3 Kd5 55. Re8 Re4 56. Rf8 Ke5 57. Kf3 Ra4 58. Rb8
Kf5 59. Rb5+ Kg6 60. Rb6 g4+ 0-1